|
|
|
|
| LEADER |
01031nam a2200301 a 4500 |
| 001 |
c000354016 |
| 003 |
CARM |
| 005 |
20000928204620.0 |
| 008 |
750918s1976 inua b 000 0 eng |
| 010 |
|
|
|a 75031742
|
| 019 |
1 |
|
|a 239903
|z 23870142
|5 LACONCORD2021
|
| 020 |
|
|
|a 0672613379
|
| 035 |
|
|
|a (OCoLC)1694209
|5 LACONCORD2021
|
| 040 |
|
|
|a LC
|b eng
|c LC
|d VERC
|
| 050 |
0 |
0 |
|a GV706
|b .N58
|
| 050 |
|
4 |
|a GV706
|b .N5 1976
|
| 082 |
0 |
4 |
|a 301.5/7
|
| 100 |
1 |
|
|a Nixon, Howard L.,
|d 1944-
|
| 245 |
1 |
0 |
|a Sport and social organization /
|c Howard L. Nixon II.
|
| 250 |
|
|
|a 1st ed.
|
| 260 |
|
|
|a Indianapolis :
|b Bobbs-Merrill,
|c c1976.
|
| 300 |
|
|
|a 75 p. :
|b diagr. ;
|c 23 cm.
|
| 490 |
0 |
|
|a The Bobbs-Merrill studies in sociology
|
| 504 |
|
|
|a Bibliography: p. 70-75.
|
| 650 |
|
0 |
|a Sports
|x Philosophy.
|
| 852 |
8 |
|
|b CARM
|h A1:AP32G0
|i B07996
|p 0355511
|f BK
|
| 999 |
f |
f |
|i 2afe4a6c-29a9-51b1-8ac2-f2fc1e5ae6d1
|s 01d7bdf0-96d3-5e8f-b921-d35b6287c9c4
|
| 952 |
f |
f |
|p Can circulate
|a CAVAL
|b CAVAL
|c CAVAL
|d CARM 1 Store
|e B07996
|f A1:AP32G0
|h Other scheme
|i book
|m 0355511
|